Normal view
MARC view
- ANGELA B. SHIFLET AND GEORGE W. SHIFLET
Entry Personal Name
001 - CONTROL NUMBER
- control field: 21463
003 - CONTROL NUMBER IDENTIFIER
- control field: NUST
005 - DATE AND TIME OF LATEST TRANSACTION
- control field: 20190926102058.0
008 - FIXED-LENGTH DATA ELEMENTS
- fixed length control field: 190926|| aca||aabn | a|a d
040 ## - CATALOGING SOURCE
- Original cataloging agency: NUST
- Transcribing agency: NUST
100 ## - HEADING--PERSONAL NAME
- Personal name: ANGELA B. SHIFLET AND GEORGE W. SHIFLET
670 ## - SOURCE DATA FOUND
- Source citation: Work cat.: (NUST)23262: ANGELA B. SHIFLET AND GEORGE W. SHIFLET, INTRODUCTION TO COMPUTATIONAL SCIENCE, 2006
